Quizzes
Events
Quiz Creation
Community
Videos
Private Events
Remove Ads
Sign In
Join for FREE
Feedback
Dark Mode
Quiz Categories
Sports
Geography
Music
Movies
Television
Just For Fun
Miscellaneous
History
Literature
Language
Science
Gaming
Entertainment
Religion
Holiday
For Kids
Quiz Lab
Recent
Popular Today
Quiz Kudos Today
Editor Picks
Curator Picks
Quizzes by...
Day
Popularity
Type
Ratings
Length
Year
Community
Subscriptions
Recent Discussions
Orange Saloon
Badges
Playlists
Quests
Create
Leaderboards
Showdown
Live 5
Trivia Bingo
Activity
Puzzle Library
Sporcle Events
Private Events
Virtual Trivia
Globe League
Become a Host
Pub Owners
SporcleCon
Opinionation
Our Games
Videos
Blog
Mobile Apps
Partnerships
Remove Ads and Go Orange
Feedback
Sports
Athletes
MLB
NBA
NHL
NFL
Soccer
Sports Teams
WWE
NCAA
Football
Premier League
Basketball
Baseball
Hockey
Golf
Tennis
Cricket
Rugby
Auto Racing
Olympics
World Cup
Sports
Athletes
MLB
NBA
NHL
NFL
Soccer
Sports Teams
WWE
NCAA
Football
Premier League
Basketball
Baseball
Hockey
Golf
Tennis
Cricket
Rugby
Auto Racing
Olympics
World Cup
Random Quiz
Search Sporcle
×
Quiz Lab
Quiz Lab
Sports
US Presidents
Type in answers that appear in a list
Type in answers that appear in a list
Classic
Best Score? Go Orange.
Presidential Home Runs Stats
Can you name the Top 20 Home Run Hitters During 20th Century Presidential Administrations?
By
elewin
6m
20 Questions
113 Plays
113 Plays
113 Plays
Comments
Comments
Give Quiz Kudos
Give Quiz Kudos
-
- Ratings
hide this ad
More Info
Replay
Link that replays current quiz
Next Quiz
Link to next quiz in quiz playlist
You Got
0%
They Got
Avg Score
60%
Avg Friend Score
Upgrade to see
Score Distribution
Jump to the score distribution portion of the page
Score
0/20
Timer
06:00
0
Plays Today
President
Player
% Correct
Calvin Coolidge (1923-
1929)
Babe Ruth
96.5%
Bill Clinton (1993-
2001)
Barry Bonds
87.6%
Bill Clinton (1993-
2001)
Sammy Sosa
84.1%
Dwight Eisenhower (1953-
1961)
Mickey Mantle
84.1%
Dwight Eisenhower (1953-
1961)
Willie Mays
81.4%
Bill Clinton (1993-
2001)
Mark McGwire
79.6%
Bill Clinton (1993-
2001)
Ken Griffey Jr.
76.1%
Franklin Roosevelt (1933-
1945)
Jimmie Foxx
74.3%
Ronald Reagan (1981-
1989)
Mike Schmidt
67.3%
Franklin Roosevelt (1933-
1945)
Mel Ott
58.4%
President
Player
% Correct
Harry Truman (1945-
1953)
Ralph Kiner
49.6%
Franklin Roosevelt (1933-
1945)
Hank Greenberg
48.7%
Dwight Eisenhower (1953-
1961)
Eddie Mathews
47.8%
Bill Clinton (1993-
2001)
Juan Gonzalez
46%
Bill Clinton (1993-
2001)
Rafael Palmeiro
45.1%
Dwight Eisenhower (1953-
1961)
Ernie Banks
41.6%
Bill Clinton (1993-
2001)
Albert Belle
39.8%
Dwight Eisenhower (1953-
1961)
Duke Snider
39.8%
Ronald Reagan (1981-
1989)
Dale Murphy
35.4%
Franklin Roosevelt (1993-
1945)
Bob Johnson
16.8%
Quiz Playlist
Details
Report
Send in Message
Add To Playlist
More Info:
20th Century Presidents only.
Classic:
Type in answers that appear in a list
Quiz Source
Last Updated: Feb 16, 2017
Quiz Scoreboard
CHALLENGE
Sign Up to Join the Scoreboard
Show All
Scores
Hide
Comments
May contain spoilers
Recently Published
Billboard Blitz: Fleetwood Mac
by CooCooCachoo
Music
15s
Presidents Visiting Landmarks
by Hejman
History
7m
An Introduction to Baseball
by treessimontrees
Sports
5m
More to Explore
Quiz From the Vault
Featured Blog Post
Where Did the Easter Bunny Come From?
hide this ad
You Might Also Like...
Tags
Century Quiz
US Presidents Quiz
20th Century
Administration
Hitter
home
Player
run
Run Hitters
Top 20
Today's Top Quizzes in Sports
Browse Sports
hide this ad
Today's Top Quizzes in US Presidents
Browse US Presidents
Top Contributed Quizzes in Sports
1
Les meilleurs buteurs des matchs entre le PSG et l’OM
2
2022 World Cup Stars
3
FIFA Club World Cup Champions
4
Les entraîneurs de l'OM et du PSG au 21e siècle
5
Criteria MLB: Left Handed Sluggers
6
Name the Premier League winners with different clubs
7
5-to-1: UK Sports Teams
8
AFC Teams Reveal (Wrong Answers Minefield)
9
Players with Multiple 50 Home Run Seasons
10
5-to-1: FBS Animal Nicknames
Explore More
Trending Topics
Harry Potter
Anime
Disney
Kpop
Marvel
NBA
Crossword
WWE
Puzzle
Soccer
Song
Country
Pokémon
The Office
NFL
hide this ad
More By:
elewin
Quiz
Plays
Rating
Category
Featured
Created
Bad Baseball Trades
763
1.78
Sports
Nov 28, 2009
Presidential Home Runs
113
3.75
Sports
Jul 3, 2010
Go to Creator's Profile
Score Distribution
Quiz Creator Spotlight
elewin
Follow
Send a Message
Quizzes Created
-
Created Quiz Play Count
-
More By This Creator
Popular Quizzes Today
1
Find the US States - No Outlines Minefield
2
Find the Countries of Europe - No Outlines Minefield
3
The Countries of the World
4
Find the US States
5
Risky Map Clicking: Biggest States A-Z
6
US States
7
Popular People in 1961
8
Movies - When Are They Set?
More Sports Quizzes
Top 50 Premier League Appearances - Spanish Players
Curator's Pick
Trending Quizzes
Risky Map Clicking: Least Populous States A-Z
1-10 Letter G Words
1-10 Letter F Words
Risky Map Clicking: Next State Alphabetically
Risky Map Clicking: Biggest States A-Z
Recently Updated
Leaping Animals
pecheneg
Reality TV Shows (A-Z)
bhenderson79
Rickey Henderson's Hall of Fame Teammates
pecheneg
Champions League XIs: Arsenal
pecheneg
Quick Pick: Celebrities in WWE's Hall of Fame
aduchscher
A-Z Keypad Blitz II
pecheneg
Multiple Oscar Actors
pecheneg
Mystery Phrase Blitz: Oscar 'Best Actors'
pecheneg
F. Scott Fitzgerald Novels
LTH
Pick 3 Villains
ddd62291
Trending Topics
Crossword
Harry Potter
Anime
Marvel
Kpop
NBA
Disney
The Office
Country
Puzzle
Pokémon
NFL
Song
WWE
Soccer
Your Account Isn't Verified!
In order to create a playlist on Sporcle, you need to verify the email address you used during registration. Go to your
Sporcle Settings
to finish the process.
Report this User
Report this user for behavior that violates our
Community Guidelines
.
Details:
Send Report
Go to the Sporcle.com Mobile Site →
Comments